Polka z operety Pan profesor v pekle

Hlavní autor: Moor, Karel, 1873-1945
Další autoři: Leopold, Bohuslav, 1888-1956
Jazyk: Nelze použít, není lingvistický obsah
Vydáno: Praha : Hudební matice, 1950
Vydání: 1. vyd.
Edice: Collection Tempo
Fyzický popis: 1 sv. (nestránkován)
Hudebniny Hudebniny
Uloženo v:
LEADER 01070ncm a22002892a 4500
001 001084024
003 CZ BrMZK
005 20110127120747.0
007 qu
008 090924s1950 xr |||||||||||||||||zxx d
040 |a BOA001  |b cze 
072 7 |a 785  |x Instrumentální hudba. Symfonická hudba. Hudba pro více nástrojů  |2 Konspekt  |9 9 
100 1 |a Moor, Karel,  |d 1873-1945  |7 jk01082024  |4 cmp 
245 1 0 |a Polka z operety Pan profesor v pekle  |h [hudebnina] /  |c Karel Moor ; instumentace B. Leopold 
250 |a 1. vyd. 
260 |a Praha :  |b Hudební matice,  |c 1950 
300 |a 1 sv. (nestránkován) 
490 1 |a Collection Tempo ;  |v 54 
500 |a Universální orchestr 
500 |a Hlasy 
700 1 |a Leopold, Bohuslav,  |d 1888-1956  |7 jk01071883  |4 arr 
830 0 |a Collection Tempo 
910 |a BOA001  |b Mus3-0247.348 
990 |a MU 
991 |b 201001 
996 6 |b 2619448085  |c Mus3-0247.348  |l MZK  |r Sklad / do 1 hodiny  |n 0  |w 001106727  |u 000010  |a 1  |e BOA001  |j MZK50  |s P 
996 7 |b 2619448086  |c Mus3-0247.348  |l MZK  |r Sklad / do 1 hodiny  |n 0  |w 001106727  |u 000020  |a 1  |e BOA001  |j MZK50  |s A